Giới thiệu một số nhạc cụ dân tộc thiểu số Việt Nam

Đã lưu trong:
Bibliografiske detaljer
Hovedforfatter: Tô, Ngọc Thanh
Institution som forfatter: Hội văn nghệ dân gian Việt Nam
Format: Bog
Sprog:Vietnamese
Udgivet: Hà Nội Mỹ Thuật 2017
Udgivelse:Tái bản có sửa chữa
Fag:
Tags: Tilføj Tag
Ingen Tags, Vær først til at tagge denne postø!
Thư viện lưu trữ: Trung tâm Học liệu Lê Vũ Hùng, Trường Đại học Đồng Tháp
LEADER 00933aam a22002658a 4500
001 00043740
005 20190311090339.0
008 140604s2013 ||||||viesd
020 # # |a 978 604 78 6736 3  |c 0 
041 0 # |a vie 
082 1 # |a 784.195 97  |b GI462TH 
100 1 # |a Tô, Ngọc Thanh 
245 1 0 |c Tô Ngọc Thanh  |a Giới thiệu một số nhạc cụ dân tộc thiểu số Việt Nam 
250 # # |a Tái bản có sửa chữa 
260 # # |a Hà Nội  |b Mỹ Thuật  |c 2017 
300 # # |a 177 tr.  |c 21 cm. 
500 # # |a ĐTTS ghi: Hội văn nghệ dân gian Việt Nam 
653 # # |a Dân tộc 
653 # # |a Giới thiệu 
653 # # |a Việt Nam 
653 # # |a Âm nhạc 
710 # # |a Hội văn nghệ dân gian Việt Nam 
852 # # |j KD.0025529 
910 0 # |d 11/3/2019 
980 # # |a Trung tâm Học liệu Lê Vũ Hùng, Trường Đại học Đồng Tháp